Zkušenosti z osvětové práce v Libereckém kraji /

Hlavní autor: Bukovský, Miroslav, 1921-
Jazyk: Čeština
Vydáno: Praha : Orbis, 1959
Vydání: 1. vyd.
Fyzický popis: 59 s., příl.
Knihy
Uloženo v:
LEADER 00741nam a22002412a 4500
001 001409887
003 CZ BrMZK
005 20141110191943.0
007 ta
008 140807s1959 xr er|||||||||||cze d
015 |a cnb000461818 
035 |a (OCoLC)85326577 
040 |a ABA001  |b cze  |c ULG001  |d BOA001 
080 9 |a 374:352(437.1-3 Liberec) 
100 1 |a Bukovský, Miroslav,  |d 1921-  |7 jk01020227  |4 aut 
245 1 0 |a Zkušenosti z osvětové práce v Libereckém kraji /  |c Miroslav Bukovský 
250 |a 1. vyd. 
260 |a Praha :  |b Orbis,  |c 1959 
300 |a 59 s., příl. 
910 |a BOA001  |b 2-0421.922 
990 |a BK 
991 |b 201408 
996 6 |b 2619105574  |c 2-0421.922  |l MZK  |r Sklad / do 24 hodin  |n 0  |w 001445055  |u 000010  |a 1  |e BOA001  |j MZK50  |s P